000 00643nam a2200241Ia 4500
003 OSt
005 20221007071432.0
006 a|||||r|||| 00| 0
007 ta
008 221006b |||||||| |||| 00| 0 eng d
024 _a5,445
037 _cTextual
040 _aFLL
_cFLL
_beng
041 _2eng
_aeng
082 _aZ1yzN3:N50, K6
100 _aLauterpacht E Ed.
245 0 _aInternational law reports
260 _aLondon
_bButterworths London
_c1967
300 _axxxvi,509p
_ccm.
650 _aInternational law
942 _hZ1yzN3:N50, K6
_cTEXL
_2CC
999 _c1143334
_d1143334